| 000 | 00607nam a2200229Ia 4500 | ||
|---|---|---|---|
| 001 | 5430 | ||
| 003 | 10855 | ||
| 005 | 20250607062538.0 | ||
| 008 | ||||||n9999 ||| || || | ||
| 041 | _aspa | ||
| 110 |
_aMinisterio de Transporte _99485 |
||
| 245 | 0 | _aDesarrollo del Choco | |
| 260 |
_aBogotá : _bMinisterio de Obras Publicas, _c1980. |
||
| 300 | _a38p | ||
| 562 | _e1 | ||
| 650 |
_aCHOCO (COLOMBIA) _91942 |
||
| 650 | 0 |
_aCiudades pequeñas _99486 |
|
| 650 | 0 |
_aCondiciones económicas _92359 |
|
| 650 | 0 |
_aCondiciones sociales _91437 |
|
| 650 | 0 |
_aDesarrollo urbano _92388 |
|
| 942 | _cDO-GO | ||
| 999 |
_c5430 _d5430 |
||